PHARMACOGNOSY :PHARMACOGNOSY AND PYTHOCHEMISTRY-VOL -I (Record no. 8147)

MARC details
000 -LEADER
fixed length control field 00499nam a22001817a 4500
005 - DATE AND TIME OF LATEST TRANSACTION
control field 20230111093456.0
008 - FIXED-LENGTH DATA ELEMENTS--GENERAL INFORMATION
fixed length control field 221220b |||||||| |||| 00| 0 eng d
020 ## - INTERNATIONAL STANDARD BOOK NUMBER
ISBN 978-81239-1438-1
041 ## - LANGUAGE CODE
Language code of text/sound track or separate title eng
082 ## - DEWEY DECIMAL CLASSIFICATION NUMBER
Classification number 615.3-ALI-P
100 ## - MAIN ENTRY--AUTHOR NAME
Personal name ALI, MOHAMMED
245 ## - TITLE STATEMENT
Title PHARMACOGNOSY :PHARMACOGNOSY AND PYTHOCHEMISTRY-VOL -I
250 ## - EDITION STATEMENT
Edition statement 1st ed.
260 ## - PUBLICATION, DISTRIBUTION, ETC. (IMPRINT)
Place of publication NEW DELHI
Name of publisher CBS PUBLISHER & DISTRIBUTORS
Year of publication 2022
300 ## - PHYSICAL DESCRIPTION
Number of Pages 802;P.
650 ## - SUBJECT ADDED ENTRY--TOPICAL TERM
Topical Term PHARMACY
General subdivision B. PHARMA.
942 ## - ADDED ENTRY ELEMENTS (KOHA)
Koha item type Books
Holdings
Lost status Damaged status Collection code Home library Current library Shelving location Date acquired Source of acquisition Cost, normal purchase price Full call number Accession Number Koha item type
    PHARMACY JRU Library JRU Library Shelf - 25- A 10/11/2022 LOHIA BOOK INTERNATIONAL 1295.00 615.3-ALI-P 27145 Books
    PHARMACY JRU Library JRU Library Shelf - 25- A 10/11/2022 LOHIA BOOK INTERNATIONAL 1295.00 615.3-ALI-P 27146 Books
    PHARMACY JRU Library JRU Library Shelf - 25- A 10/11/2022 LOHIA BOOK INTERNATIONAL 1295.00 615.3-ALI-P 27147 Books
    PHARMACY JRU Library JRU Library Shelf - 25- A 10/11/2022 LOHIA BOOK INTERNATIONAL 1295.00 615.3-ALI-P 27148 Books
    PHARMACY JRU Library JRU Library Shelf - 25- A 10/11/2022 LOHIA BOOK INTERNATIONAL 1295.00 615.3-ALI-P 27149 Books